000 01106cam a22003617a 4500
003 CHAP
005 20220817043450.0
008 980824d1995 it a r 11 eng d
010 _a75981
011 _a76953
020 _a9251035229
035 _a86548
040 _cCHAP
082 0 4 _a634.9
_bF3 v.121
110 2 _aFAO
245 1 0 _aEcology and rural education :
_bmanual for rural teachers
_c/by FAO
260 _aRome :
_bFAO,
_c1995.
300 _a126 p. :
_bilus.
490 0 _aFAO. Montes
_v; 121
590 _aBATCH-UPD
_b10
_c20130110
_lUCH01
_h0849
590 _aBATCH-UPD
_b10
_c20130410
_lUCH01
_h0521
590 _aBATCH-UPD
_b10
_c20130914
_lUCH01
_h0055
590 _aCONVERSION
_b10
_c20130109
_lUCH01
_h1342
650 1 4 _aAgricultura
_xPlanes de estudio.
_91769
650 1 4 _aEducación ambiental.
_935556
650 1 4 _aEducación rural.
_935586
650 1 4 _aMaestros rurales.
_969762
830 0 _aFAO. Montes
_v; 121
_939632
901 _aBK
905 _aLilia Sánchez G.
942 _cLIBRO
949 _a634.9 F3 v.121
_bBC
_cFAO
_d33724000698486
_eFAO1
_h93833
_i86548
_kDonaciØn
_sb
999 _c75981
_d75981